Distribution par images - Barbecue - Statistiques

Statistiques générales
  • Ce quiz a été pris 60 fois
  • Le résultat moyen est 5 sur 9
Statistiques - réponses
Par images Hint Réponse % Correct
Baptiste Franck Dubosc
100%
Olivia Florence Foresti
98%
Jean-Michel Jérôme Commandeur
87%
Antoine Chevalier Lambert Wilson
85%
Yves Le Goff Guillaume de Tonquédec
74%
Laurent Barthélémy Lionel Abelanski
23%
Véronique Sophie Duez
23%
Laure Lysiane Meis
13%
Nathalie Valérie Crouzet
11%
Aucun quiz correspondant
Distribution des résultats
% des personnes avec chaque résultat
Percentile par nombre de réponses
Votre historique - résultats
Vous n’avez pas pris ce quiz